000 00467nam a2200181 a 4500
001 3035
005 20140414132146.0
008 060131s19uu xx 00 eng d
020 _a9780439559676
050 _aFIC
_bSt5 2000
100 _aStilton, Geronimo
245 _aFour mice deep in the jungle.
260 _aNew York :
_bScholastic,
_c2000.
300 _a108 p. : ill. ; cm.
440 _aGeronimo Stilton
650 _aMouse-
_xfiction
999 _c115437
_d115437